000 00579nam a2200217Ia 4500
008 220216s9999 xx 000 0 und d
100 _aNair Ajalesh Balachandran
245 0 _aBlends and composites of natural rubber and EPDM rubber with polar rubbers
260 _bRubber Science
_c2013
300 _a308-322
650 _aComposites
650 _aComposites
650 _aEPDM rubber
650 _aEPDM rubber
650 _aPolar rubbers
650 _aPolar rubbers
650 _aRubber blends
650 _aRubber blends
700 _aJoseph Rani
942 _cAR
999 _c47316
_d47316